Служба на България в чужбина (Запис номер 166865)
[ съкратено ]
| 000 -Лидер | |
|---|---|
| Контролно поле с фиксирана дължина | 02196nam a2200445 a 4500 |
| 003 - Код на организацията, давaща контролен номер | |
| Контролно поле | BLK |
| 005 - Дата и час на последна редакция | |
| Контролно поле | 20250128005508.0 |
| 008 - Елементи от данни с фиксирана дължина | |
| fixed length control field | 180411b bul|||||r ||||||| ||bul|| |
| 010 ## - Наследен системен номер | |
| LC control number | KNG00174625000 |
| 020 ## - Международен стандартен номер на книга ISBN | |
| Международен стандартен номер на книга ISBN | 954-509-053-7 |
| 040 ## - Източник на каталожния запис | |
| Идентификатор на билиотеката - собственик на записа | BLK |
| 041 ## - Код за език | |
| Код за езика на текст/звукозапис или на отделно заглавие | Български |
| Код за езика КДБФ | Български |
| 080 ## - УДК | |
| Текстов определител УДК | Международни политически отношения. Световна политика. Международна политика. Дипломация |
| УДК код - определител по УДК | 327 |
| УДК определител | (497.2)(091)(093.3) |
| УДК - код + определител | 327(497.2)(091)(093.3) |
| 080 ## - УДК | |
| Текстов определител УДК | Трета българска държава (от 1878) |
| УДК код - определител по УДК | 94(497.2)"1878..." |
| УДК определител | (093.3) |
| УДК - код + определител | 94(497.2)"1878..."(093.3) |
| 100 1# - Редна дума - Автор | |
| Автор | Хесапчиев, Христофор Георгиев |
| Авторска отговорност | първи автор |
| R(LIN) | 337285 |
| 139 ## - Редно поле | |
| Редна дума | Хесапчиев, Христофор Георгиев |
| Авторски знак | Хес - Х 45 |
| 245 10 - Сведения за заглавието | |
| Заглавие | Служба на България в чужбина |
| Подзаглавни данни | Военнодипломат. спомени 1899 - 1914 г. |
| Редно поле (дума) | Христофор Георгиев Хесапчиев; състав. Петър Свирачев; предг. и ред. Елена Боянова Стателова. |
| 257 ## - Страна на издаване | |
| Страна на създаване/издаване | България |
| 260 ## - Област на издателските данни | |
| Място на издаване, разпространение и проч. | София |
| Име на издателя, разпространителя и проч. | Военноизд. комплекс Св. Георги Победоносец |
| Година на издаване | 1993 |
| 300 ## - Физическа характеристика | |
| Страници | 655 с. |
| Размери/Мащаб | 21 см |
| 380 ## - Жанр | |
| Жанр | Обществени науки |
| 500 ## - Общи забележки | |
| Забележка | Офс. изд. - 2 000 тир. |
| 650 #4 - Допълнително описание по предмет – тема | |
| Основно описание – тема или топоним | Дипломати, български - спомени |
| 9 (RLIN) | 252200 |
| 650 #4 - Допълнително описание по предмет – тема | |
| Основно описание – тема или топоним | България - външна политика - история |
| 9 (RLIN) | 250971 |
| 650 #7 - Допълнително описание по предмет – тема | |
| Основно описание – тема или топоним | България - външна политика |
| Източник на редна или ключова дума | |
| 9 (RLIN) | 149489 |
| 651 #4 - Допълнително описание по предмет - топоним | |
| Географско понятие | България |
| 9 (RLIN) | 241624 |
| 653 ## - Ключова дума – ненормативна | |
| Ключова дума | външна политика |
| 653 ## - Ключова дума – ненормативна | |
| Ключова дума | дипломати |
| 653 ## - Ключова дума – ненормативна | |
| Ключова дума | мемоари |
| 653 ## - Ключова дума – ненормативна | |
| Ключова дума | спомени |
| 700 1# - Други автори (авторска отговорност) | |
| Лично име | Свирачев, Петър |
| Автороска отговорност (Описва отношението между автора и произведението) | състав. |
| 9 (RLIN) | 337286 |
| 700 ## - Други автори (авторска отговорност) | |
| Лично име | Стателова, Елена Боянова |
| 9 (RLIN) | 246747 |
| 852 ## - Местоположение | |
| Форматна сигнатура | Цб 175865 |
| Фондова буква | Хранилище |
| 856 4# - Електронен адрес и достъп | |
| Електронен формат | pdf - файл |
| Инструкция (цена за достъп) | 0.00 |
| Права за достъп | disable |
| 856 4# - Електронен адрес и достъп | |
| Електронен формат | pdf - файл |
| Инструкция (цена за достъп) | 0.00 |
| Права за достъп | disable |
| 999 ## - СИСТЕМНИ КОНТРОЛНИ НОМЕРА | |
| Koha biblionumber | 166865 |
| Koha biblioitemnumber | 166865 |
| 942 ## - АРТИКУЛИ | |
| Вид на библиотечния материал | Книги |
| Скрит в OPAC | Не |
| Koha issues (borrowed), all copies | 2 |
| Периодичен библиозапис | Да |
| 944 ## - СЪЗДАВАНЕ И РЕДАКЦИЯ на ЗАПИСА | |
| Създаване/Редакция | Създаване |
| Дата на регистрацията/редакция | 24.04.2015 |
| Статус, дата на статуса | CRON CRON |
| Служител, извършил регистрацията/редакцията | |
| 944 ## - СЪЗДАВАНЕ И РЕДАКЦИЯ на ЗАПИСА | |
| Създаване/Редакция | Редакция |
| Дата на регистрацията/редакция | 07.05.2015 |
| Статус, дата на статуса | ф / |
| Служител, извършил регистрацията/редакцията | Людмила_Стоянова |
| 999 ## - СИСТЕМНИ КОНТРОЛНИ НОМЕРА | |
| Koha biblioitemnumber | 166865 |
| Код за отписване | Код за изгубен артикул | Код за повреда | Коз за рестрикции | Код за отдаване | Артикулен № | Име на библиотеката - собственик | Име на библиотеката, в която се намира в момента | Статус (Текущо местоположение) | Дата на вписване в системата | Местоположение - отдел | Цена в лева | Инвентарен номер | Систематично азбучна сигнатура | Баркод | Номер на екземпляра | Цена в евро | Служебна бележка | Служебен тип на артикула | Източник на класификационната схема |
|---|---|---|---|---|---|---|---|---|---|---|---|---|---|---|---|---|---|---|---|
| Не е изгубен | Не е повреден | без рестрикции | заемане за дома | 281116 | Регионална библиотека "Любен Каравелов" Русе | Регионална библиотека "Любен Каравелов" Русе | Заемна - подръчен фонд | 2015-04-27 | Заемна - подръчен фонд | 18.00 | 120000787547 | П 327(497.2)/Х 45 | 120000787547 | 1 | 9.20 | Дост: DA Вид: А N: 7 Дата: 27.04.2015 Дата инв: 02.02.2018 Бележки инв: П2018 | Книги | ||
| Не е изгубен | Не е повреден | само за читалня | ползва се в читалня | 281117 | Регионална библиотека "Любен Каравелов" Русе | Регионална библиотека "Любен Каравелов" Русе | Хранилище | 1993-01-01 | Хранилище | 3.15 | 584751 | Цб 175865 | 120000584751 | 2 | 1.61 | Дост: Dp Вид: Д N: стар фонд Дата: 01.01.1993 | Книги | Universal Decimal Classification |